MDQL
is popping MORE tags! Check the
thread
!
Quizzes
Events
Quiz Creation
Community
Videos
Private Events
Remove Ads
Sign In
Join for FREE
Feedback
Dark Mode
Quiz Categories
Sports
Geography
Music
Movies
Television
Just For Fun
Miscellaneous
History
Literature
Language
Science
Gaming
Entertainment
Religion
Holiday
For Kids
Quiz Lab
Recent
Popular Today
Quiz Kudos Today
Editor Picks
Curator Picks
Quizzes by...
Day
Popularity
Type
Ratings
Length
Year
Community
Subscriptions
Recent Discussions
Orange Saloon
Badges
Playlists
Quests
Create
Leaderboards
Showdown
Live 5
Trivia Bingo
Activity
Puzzle Library
Sporcle Events
Private Events
Virtual Trivia
Globe League
Become a Host
Pub Owners
SporcleCon
Opinionation
Our Games
Videos
Blog
Mobile Apps
Partnerships
Remove Ads and Go Orange
Feedback
Language
Vocabulary
Begins and Ends
Definition
Spanish
French
German
Italian
Chinese
Latin
Translation
Japanese
Language
Vocabulary
Begins and Ends
Definition
Spanish
French
German
Italian
Chinese
Latin
Translation
Japanese
Random Quiz
Search Sporcle
×
Quiz Lab
Quiz Lab
Language
French
Type in answers that appear in a list
Type in answers that appear in a list
Classic
Best Score? Go Orange.
FIA Lesson 5 Quizzes 24-29 Stats
Can you name the French translations?
By
psh3
20m
44 Questions
8 Plays
8 Plays
8 Plays
Comments
Comments
Give Quiz Kudos
Give Quiz Kudos
-
- Ratings
hide this ad
Forced Order
Answers have to be entered in order
Answers have to be entered in order
Replay
Link that replays current quiz
Next Quiz
Link to next quiz in quiz playlist
You Got
0%
They Got
Avg Score
14%
Avg Friend Score
Upgrade to see
Score Distribution
Jump to the score distribution portion of the page
Score
0/44
Timer
20:00
0
Plays Today
% Correct
un(e), deux, trois, quatre
87.5%
neuf, dix, onze, douze
87.5%
cinq, six, sept, huit
87.5%
dix-sept, dix-huit
62.5%
dix-neuf, vingt
62.5%
treize, quatorze
62.5%
vingt et un(e), vingt-deux
50%
quinze, seize
50%
C'est quoi, votre prénom?
25%
Ce n'est pas possible.
25%
Tout le monde a un prénom.
12.5%
Donnons un prénom aux jeunes gens.
12.5%
D'abord, il faut donner un prénom aux jeunes gens.
0%
Elle aussi, elle a un prénom.
0%
C'est un joli prénom.
0%
Il faut un prénom français.
0%
Vous voyez, ce n'est pas facile à prononcer.
0%
C'est un prénom à la fois français et américain.
0%
Essayez. Dites Mireille.
0%
j'ai, tu as, il a, elle a, nous avons, vous avez, ils ont, elles ont
0%
La famille de Mireille n'est pas pauvre, mais elle n'est pas riche non plus.
0%
C'est une famille aisée.
0%
% Correct
La mère et le père de Mireille travaillent tous les deux.
0%
Il est ingénieur chez Renault.
0%
Elle est chef de service au Ministère de la Santé.
0%
Mireille a deux soeurs.
0%
Combien de soeurs a Mireille?
0%
Cécile est plus âgée que Mireille.
0%
Elle a vingt-trois ans, et elle est mariée.
0%
Marie-Laure est beaucoup plus jeune que Mireille.
0%
Quel âge avez-vous?
0%
Les parents de Robert ont de l'argent.
0%
Ils sont même assez riches.
0%
Ils ont beaucoup d'argent.
0%
Il n'a pas de soeurs.
0%
Il n'a pas de frères non plus.
0%
Il est fils unique.
0%
Ses parents sont divorcés.
0%
Sa mère est remariée.
0%
Parlons de Robert.
0%
Vous voulez parler de Robert?
0%
Nous n'avons pas le temps.
0%
Une autre fois.
0%
je veux, tu veux, il veut, elle veut, nous voulons, vous voulez, ils veulent, elles veulent
0%
Quiz Playlist
Details
Report
Send in Message
Add To Playlist
Classic:
Type in answers that appear in a list
Forced Order:
Answers have to be entered in order
Last Updated: Feb 16, 2017
Quiz Scoreboard
CHALLENGE
Sign Up to Join the Scoreboard
Show All
Scores
Hide
Comments
May contain spoilers
Recently Published
Image Sorting: Flags VI
by Barbecue
Geography
2m
Find the 'City' Movie
by crazypaving
Movies
60s
Colored Red Africa Blitz
by spor1
Geography
45s
More to Explore
Quiz From the Vault
Featured Blog Post
14 Easter Pick-up Lines to Find Eggs With
hide this ad
You Might Also Like...
Tags
French Quiz
Translation Quiz
fia
lesson
Today's Top Quizzes in Language
Browse Language
hide this ad
Today's Top Quizzes in French
Browse French
Top Contributed Quizzes in Language
1
What Word Starts All?
2
1-10 Letter F Words III
3
Arabic Numerals
4
1-10 Letter G Words III
5
1-10 Letter H Words III
6
Weisst du, aus welchen Sprachen diese Wörter stammen?
7
1-10 Letter I Words III
8
Harry Potter book 6 chapters: English & Greek
9
1-10 Letter J Words III
10
Celtic Nations in their Language
Explore More
Trending Topics
Harry Potter
NBA
Marvel
Disney
Kpop
Anime
Crossword
Country
NFL
Pokémon
Soccer
The Office
WWE
Song
Puzzle
hide this ad
More By:
psh3
Quiz
Plays
Rating
Category
Featured
Created
French Subjunctive Verb Forms
8,926
3.89
Language
Feb 23, 2011
Latin 4th and 5th declension noun forms
1,958
4.00
Language
Mar 27, 2011
French 1 Passé Composé Forms
1,046
Language
Apr 30, 2011
Les Jeux sont faits Vocabulary pp. 1-4
683
Language
Feb 19, 2011
Les Jeux sont faits Vocabulary pp. 5-10
670
5.00
Language
Feb 19, 2011
Go to Creator's Profile
Score Distribution
Quiz Creator Spotlight
psh3
Follow
Send a Message
Quizzes Created
-
Created Quiz Play Count
-
More By This Creator
Popular Quizzes Today
1
Colored Red Africa Blitz
2
Find the US States - No Outlines Minefield
3
Find the 'City' Movie
4
5x2 Blitz: Bands
5
The Countries of the World
6
Find the Countries of Europe - No Outlines Minefield
7
Find the US States
8
US States
More Language Quizzes
Finish the Expression
Published
Trending Quizzes
Colored Red Europe Blitz I
Colored Red Europe Blitz II
Colored Red Africa Blitz II
Colored Red Europe Blitz III
Colored Red Africa Blitz III
Recently Updated
How Do You Spell That?
pecheneg
Godzilla Movies
pecheneg
Grab Bag: 4-10 Letters
pecheneg
2024 March Madness Bracket
pecheneg
Famous TV Couples
Peacemaker
Champions League XIs: Real Madrid
pecheneg
Largest US Cities 1790-2010
pecheneg
Rides in Walt Disney World
pecheneg
Most Oscar Losses (Acting)
pecheneg
Beyoncé Albums
pecheneg
Trending Topics
Kpop
Disney
Anime
Crossword
NBA
Marvel
Harry Potter
Soccer
The Office
Song
Pokémon
NFL
Country
WWE
Puzzle
Your Account Isn't Verified!
In order to create a playlist on Sporcle, you need to verify the email address you used during registration. Go to your
Sporcle Settings
to finish the process.
Report this User
Report this user for behavior that violates our
Community Guidelines
.
Details:
Send Report
Go to the Sporcle.com Mobile Site →
Comments